Jet Pilot Lyrics - Statistics

General Stats
  • This quiz has been taken 7 times
  • The average score is 6 of 11
Answer Stats
Lyrics % Correct
Where were the eyes of a horse on a {jet} {pilot}
100%
Wired were the eyes of a horse on a {jet} {pilot}
100%
My {horse} and my remorse flying over a great bay
71%
My {horse} is a shackled old man
71%
One that smiled {when} {he} {flew} over the bay
57%
My {source} and my remorse flying over a great bay
43%
My {source} is the source of all creation
43%
Her discourse is that we all don't {survey}
29%
His, his remorse was that he couldn't {survey}
29%
The skies right before, right before they {go} {gray}
29%
The skies right before, right before they {went} {gray}
29%
No matching quizzes found
Score Distribution
Percent of People with Each Score
Percentile by Number Answered
Your Score History
You have not taken this quiz